Thucydides and the idea of History

Na minha lista:
Detalhes bibliográficos
Autor principal: Morley, Neville (Author)
Formato: Livro
Idioma:inglês
Publicado em: Nueva York I.B.Tauris and Co. Ltd 2014
Colecção:New Directions in Classics
Assuntos:
Tags: Adicionar Tag
Sem tags, seja o primeiro a adicionar uma tag!

MARC

LEADER 00000cam a2200000 a 4500
001 UCC7808
003 CL-VaPUC
005 20201112172337.0
008 190510e20140000us |||||||||||||||||eng|d
999 |c 374357  |d 374355 
020 |a 9781848851702 
040 |c Pontificia Universidad Católica de Valparaíso 
082 0 4 |a 938.05 MOR 2014  |2 21 
100 0 |a Morley, Neville  |e author  |9 602519 
245 1 0 |a Thucydides and the idea of History 
260 |a Nueva York  |b I.B.Tauris and Co. Ltd  |c 2014 
300 |a 213 páginas 
490 0 |a New Directions in Classics 
583 |a last modification  |c 20190510 15:30:00  |k Rodrigo Vera 
600 0 7 |a TUCIDIDES  |2 CL-VaPUC  |9 602520 
650 7 |a HISTORIA DE GRECIA ANTIGUA  |2 CL-VaPUC  |9 520504 
650 0 |a Biografías  |9 255210 
651 |2 GRECIA 
942 |c BK  |2 ddc 
945 |d 20190510 15:30:00  |a dcastane 
952 |0 0  |1 0  |3 erb  |4 0  |6 938_050000000000000_MOR_2014  |7 0  |8 A  |9 492863  |a BIBHIS  |b BIBHIS  |i 5546559  |l 1  |o 938.05 MOR 2014  |p 5546559  |q 2025-07-11  |r 2025-05-06  |s 2025-05-06  |w 2019-11-24  |y BK  |z Catalogado en:20190510  |k HIS